000 00870na a2200265 4500
001 19251
003 MIRAKIL
005 20181213155226.0
008 161212b tu 000 0
035 _a19251
040 _aMilas
_btur
_cTR-AnCHP
041 _atur
082 _a338.95667
_bG95 1993
090 _a338.95667 G95 1993
245 _aGüneydoğu Anadolu Projesi (GAP)
_b(Uluaslararası, ulusal, bölge ölçeğindeki yeri ve önemi)
_cHazırlayanlar Duran Taraklı
246 _aUluaslararası, ulusal, bölge ölçeğindeki yeri ve önemi
260 _a[y.y.]
_bTÜSES Yayınları
_c1993
300 _a41 s.
_c30 sm.
504 _aKaynakça var.
650 _aGAP
_xBölgesel kalkınma
650 _aGAP
_xPolitikalar
700 _aTaraklı, Duran
830 _aTürkiye Sosyal Ekonomik Siyasal Araştırmalar Vakfı Yayınları
942 _2ddc
_cBKS
999 _c8845
_d8845